[Event "imp"]
[Site "?"]
[Date "2015.03.26"]
[Round "3.4"]
[White "Socko, Bartosz"]
[Black "Dragun, Kamil"]
[Result "1-0"]
[LiveChessVersion "1.4.4"]
[BlackElo "2558"]
[WhiteElo "2623"]

1. e4 {[%clk 1:30:57]} c5 {[%clk 1:30:48]} 2. Nf3 {[%clk 1:31:19]} e6
{[%clk 1:31:12]} 3. d4 {[%clk 1:31:44]} cxd4 {[%clk 1:31:35]} 4. Nxd4
{[%clk 1:32:08]} Nc6 {[%clk 1:31:58]} 5. Nc3 {[%clk 1:32:11]} Qc7
{[%clk 1:32:15]} 6. Be3 {[%clk 1:32:10]} a6 {[%clk 1:32:27]} 7. a3
{[%clk 1:32:08]} b5 {[%clk 1:30:54]} 8. Be2 {[%clk 1:32:11]} Bb7 {[%clk 1:31:12]}
9. Nxc6 {[%clk 1:30:36]} Bxc6 {[%clk 1:26:10]} 10. Qd4 {[%clk 1:26:10]} Nf6
{[%clk 1:18:52]} 11. Rd1 {[%clk 1:17:06]} d6 {[%clk 1:12:31]} 12. f4
{[%clk 1:08:26]} Be7 {[%clk 1:12:25]} 13. Bf3 {[%clk 1:08:29]} O-O
{[%clk 1:12:09]} 14. O-O {[%clk 1:08:52]} Rfd8 {[%clk 1:11:19]} 15. Qb6
{[%clk 1:05:26]} Qxb6 {[%clk 1:08:11]} 16. Bxb6 {[%clk 1:05:26]} Rdc8
{[%clk 1:08:38]} 17. Ba5 {[%clk 1:05:00]} Nd7 {[%clk 0:57:29]} 18. Rfe1
{[%clk 0:56:45]} Bf8 {[%clk 0:55:52]} 19. Kf2 {[%clk 0:56:17]} Rab8
{[%clk 0:54:45]} 20. Re2 {[%clk 0:52:40]} Nc5 {[%clk 0:49:04]} 21. Red2
{[%clk 0:43:58]} h6 {[%clk 0:42:04]} 22. h4 {[%clk 0:40:44]} Ba8 {[%clk 0:35:40]}
23. h5 {[%clk 0:38:41]} Nb7 {[%clk 0:28:31]} 24. Bb6 {[%clk 0:38:58]} Nd8
{[%clk 0:28:39]} 25. Ba7 {[%clk 0:35:02]} Rb7 {[%clk 0:29:07]} 26. Be3
{[%clk 0:35:17]} Nc6 {[%clk 0:29:20]} 27. Ne2 {[%clk 0:30:55]} b4
{[%clk 0:29:06]} 28. axb4 {[%clk 0:30:58]} Rxb4 {[%clk 0:29:30]} 29. c3
{[%clk 0:27:48]} Rb5 {[%clk 0:21:24]} 30. Ra1 {[%clk 0:27:52]} a5
{[%clk 0:14:53]} 31. Nc1 {[%clk 0:25:53]} Rd8 {[%clk 0:11:59]} 32. e5
{[%clk 0:20:42]} d5 {[%clk 0:06:42]} 33. Ne2 {[%clk 0:17:13]} Rdb8
{[%clk 0:06:57]} 34. Ra2 {[%clk 0:17:36]} Bb7 {[%clk 0:06:42]} 35. Nd4
{[%clk 0:17:35]} Nxd4 {[%clk 0:07:04]} 36. Bxd4 {[%clk 0:17:54]} Bc6
{[%clk 0:06:35]} 37. c4 {[%clk 0:14:28]} Rb3 {[%clk 0:04:27]} 38. cxd5
{[%clk 0:13:41]} Bxd5 {[%clk 0:04:45]} 39. Bxd5 {[%clk 0:13:37]} exd5
{[%clk 0:05:13]} 40. Bc3 {[%clk 0:42:14]} Bc5+ {[%clk 0:33:48]} 41. Kf1
{[%clk 0:34:42]} Be3 {[%clk 0:20:43]} 42. Rxd5 {[%clk 0:34:34]} Bxf4
{[%clk 0:20:51]} 43. Rdxa5 {[%clk 0:31:16]} Bc1 {[%clk 0:21:14]} 44. Ra8
{[%clk 0:29:33]} Rxa8 {[%clk 0:21:34]} 45. Rxa8+ {[%clk 0:29:55]} Kh7
{[%clk 0:22:03]} 46. Ra2 {[%clk 0:28:16]} Bf4 {[%clk 0:14:57]} 47. Ra7
{[%clk 0:25:17]} Kg8 {[%clk 0:15:20]} 48. Ke2 {[%clk 0:18:10]} Rb5
{[%clk 0:15:22]} 49. Ra8+ {[%clk 0:18:17]} Kh7 {[%clk 0:15:44]} 50. Re8
{[%clk 0:18:25]} Rd5 {[%clk 0:11:08]} 51. Kf3 {[%clk 0:15:29]} Bd2
{[%clk 0:09:10]} 52. Ke4 {[%clk 0:15:52]} Rd7 {[%clk 0:09:39]} 53. Bd4
{[%clk 0:16:15]} Rb7 {[%clk 0:09:59]} 54. Kd3 {[%clk 0:15:54]} Bc1
{[%clk 0:10:16]} 55. Kc2 {[%clk 0:16:18]} Bg5 {[%clk 0:10:33]} 56. Bc3
{[%clk 0:15:53]} Be7 {[%clk 0:11:02]} 57. Kd3 {[%clk 0:15:24]} Bb4
{[%clk 0:11:08]} 58. Bd4 {[%clk 0:15:49]} Be1 {[%clk 0:11:03]} 59. Rc8
{[%clk 0:14:08]} Rb3+ {[%clk 0:10:05]} 60. Ke2 {[%clk 0:13:56]} Ba5
{[%clk 0:09:03]} 61. Ra8 {[%clk 0:12:26]} Rb5 {[%clk 0:09:24]} 62. Kd3
{[%clk 0:12:13]} Be1 {[%clk 0:09:52]} 63. Ra7 {[%clk 0:12:01]} Kg8
{[%clk 0:09:55]} 64. Ra1 {[%clk 0:10:10]} Bg3 {[%clk 0:09:17]} 65. Ra8+
{[%clk 0:10:33]} Kh7 {[%clk 0:09:41]} 66. Kc4 {[%clk 0:10:28]} Rb7
{[%clk 0:10:10]} 67. b4 {[%clk 0:09:37]} Rc7+ {[%clk 0:10:39]} 68. Kd3
{[%clk 0:09:40]} Rb7 {[%clk 0:10:40]} 69. Bc3 {[%clk 0:08:54]} Rd7+
{[%clk 0:11:05]} 70. Ke4 {[%clk 0:09:18]} Rc7 {[%clk 0:11:31]} 71. Ra3
{[%clk 0:08:01]} Bf2 {[%clk 0:11:01]} 72. Rb3 {[%clk 0:07:49]} g6
{[%clk 0:10:54]} 73. b5 {[%clk 0:07:18]} Bb6 {[%clk 0:11:19]} 74. Kd5
{[%clk 0:06:48]} Rc5+ {[%clk 0:10:45]} 75. Kd6 {[%clk 0:06:53]} Rc4
{[%clk 0:11:13]} 76. Bd2 {[%clk 0:06:21]} gxh5 {[%clk 0:10:03]} 77. Be3
{[%clk 0:06:44]} Bc7+ {[%clk 0:10:29]} 78. Kd5 {[%clk 0:06:46]} Rg4
{[%clk 0:10:53]} 79. Rc3 {[%clk 0:05:58]} Ba5 {[%clk 0:10:28]} 80. Ra3
{[%clk 0:06:27]} Bd8 {[%clk 0:09:51]} 81. Ra8 {[%clk 0:06:15]} Bg5
{[%clk 0:09:25]} 82. Bd4 {[%clk 0:05:36]} Rg3 {[%clk 0:09:04]} 83. b6
{[%clk 0:05:33]} Rb3 {[%clk 0:09:33]} 84. Kc6 {[%clk 0:05:57]} 1-0

[Event "imp"]
[Site "?"]
[Date "2015.03.26"]
[Round "3.5"]
[White "Swiercz, Dariusz"]
[Black "Tomczak, Jacek"]
[Result "0-1"]
[LiveChessVersion "1.4.4"]
[BlackElo "2554"]
[WhiteElo "2622"]

1. d4 {[%clk 1:30:57]} Nf6 {[%clk 1:30:54]} 2. c4 {[%clk 1:31:23]} e6
{[%clk 1:31:16]} 3. Nf3 {[%clk 1:30:26]} Bb4+ {[%clk 1:31:40]} 4. Nbd2
{[%clk 1:30:40]} O-O {[%clk 1:31:41]} 5. a3 {[%clk 1:30:49]} Be7 {[%clk 1:31:53]}
6. e3 {[%clk 1:15:16]} b6 {[%clk 1:32:05]} 7. Bd3 {[%clk 1:15:29]} Bb7
{[%clk 1:32:22]} 8. O-O {[%clk 1:15:48]} c5 {[%clk 1:32:38]} 9. b3
{[%clk 1:16:01]} cxd4 {[%clk 1:23:34]} 10. exd4 {[%clk 1:15:38]} d5
{[%clk 1:24:00]} 11. Bb2 {[%clk 1:15:48]} Nbd7 {[%clk 1:24:15]} 12. Qe2
{[%clk 1:15:11]} Rc8 {[%clk 1:17:40]} 13. Rac1 {[%clk 1:05:41]} Rc7
{[%clk 1:16:45]} 14. Rfe1 {[%clk 1:03:48]} Re8 15. Rcd1 {[%clk 0:49:04]} Qa8
{[%clk 0:53:08]} 16. Qe3 {[%clk 0:44:01]} Rcc8 {[%clk 0:48:05]} 17. Ne5
{[%clk 0:37:29]} g6 {[%clk 0:32:14]} 18. Qh3 {[%clk 0:18:26]} Nxe5
{[%clk 0:14:52]} 19. dxe5 {[%clk 0:18:41]} Nh5 {[%clk 0:15:08]} 20. Qg4
{[%clk 0:17:35]} Red8 {[%clk 0:13:35]} 21. Bf1 {[%clk 0:07:27]} Ng7
{[%clk 0:12:39]} 22. cxd5 {[%clk 0:07:03]} Bxd5 {[%clk 0:12:24]} 23. Nc4
{[%clk 0:07:30]} Nf5 {[%clk 0:11:55]} 24. a4 {[%clk 0:06:23]} Bxc4
{[%clk 0:08:57]} 25. Bxc4 {[%clk 0:06:48]} Bc5 {[%clk 0:09:23]} 26. Bd3
{[%clk 0:06:06]} Qb7 {[%clk 0:06:21]} 27. Bxf5 {[%clk 0:02:22]} exf5
{[%clk 0:06:42]} 28. Qe2 {[%clk 0:02:49]} Qe7 {[%clk 0:05:56]} 29. Rxd8+
{[%clk 0:02:16]} Rxd8 {[%clk 0:06:18]} 30. Rd1 {[%clk 0:02:23]} Kf8
{[%clk 0:04:59]} 31. g3 {[%clk 0:02:17]} Rxd1+ {[%clk 0:04:49]} 32. Qxd1
{[%clk 0:02:46]} Ke8 {[%clk 0:05:03]} 33. Qf3 {[%clk 0:01:17]} Qd7
{[%clk 0:05:12]} 34. Bc3 {[%clk 0:01:35]} a5 {[%clk 0:05:15]} 35. Kg2
{[%clk 0:01:34]} Ke7 {[%clk 0:04:55]} 36. Kf1 {[%clk 0:00:36]} Ke6
{[%clk 0:04:46]} 37. Qe2 {[%clk 0:00:36]} Qd5 {[%clk 0:01:52]} 38. Qc4
{[%clk 0:01:05]} f4 {[%clk 0:01:40]} 39. f3 {[%clk 0:00:33]} Qxc4+
{[%clk 0:01:02]} 40. bxc4 {[%clk 0:30:59]} fxg3 {[%clk 0:30:46]} 41. hxg3
{[%clk 0:30:51]} Kf5 {[%clk 0:30:45]} 42. Kg2 {[%clk 0:19:05]} h5
{[%clk 0:28:36]} 43. Kh3 {[%clk 0:11:07]} g5 {[%clk 0:27:38]} 44. Bb2
{[%clk 0:11:07]} Bf2 {[%clk 0:21:58]} 45. Kg2 {[%clk 0:06:46]} Be3
{[%clk 0:21:18]} 46. Kh3 {[%clk 0:01:17]} h4 {[%clk 0:21:00]} 47. Bc3
{[%clk 0:00:34]} Bf2 {[%clk 0:17:11]} 48. gxh4 {[%clk 0:00:33]} gxh4
{[%clk 0:17:36]} 49. c5 {[%clk 0:00:32]} Bxc5 {[%clk 0:12:11]} 50. Kxh4
{[%clk 0:00:57]} Kf4 {[%clk 0:12:38]} 51. Kh5 {[%clk 0:00:34]} Kxf3
{[%clk 0:12:25]} 52. Kg5 {[%clk 0:00:59]} Ke4 {[%clk 0:12:07]} 53. Kf6
{[%clk 0:01:27]} Bd4 {[%clk 0:11:40]} 54. Be1 {[%clk 0:01:49]} Bxe5+
{[%clk 0:11:36]} 55. Kxf7 {[%clk 0:02:18]} Kd5 {[%clk 0:12:01]} 56. Ke7
{[%clk 0:02:42]} Kc4 {[%clk 0:12:02]} 57. Bd2 {[%clk 0:00:33]} Bc3
{[%clk 0:11:27]} 58. Bf4 {[%clk 0:00:34]} Bd4 {[%clk 0:11:36]} 59. Kd6
{[%clk 0:00:53]} Kb4 {[%clk 0:11:43]} 60. Kd5 {[%clk 0:01:06]} Bf2
{[%clk 0:12:05]} 61. Bd6+ {[%clk 0:00:46]} Kxa4 {[%clk 0:12:24]} 62. Kc4
{[%clk 0:01:12]} b5+ {[%clk 0:12:49]} 63. Kc3 {[%clk 0:01:24]} Be1+
{[%clk 0:13:09]} 64. Kb2 {[%clk 0:01:49]} b4 {[%clk 0:13:14]} 65. Be5
{[%clk 0:01:38]} Kb5 {[%clk 0:13:38]} 66. Ka2 {[%clk 0:01:59]} Kc4
{[%clk 0:14:02]} 67. Bb2 {[%clk 0:02:20]} Bc3 {[%clk 0:14:06]} 68. Bc1
{[%clk 0:02:49]} a4 {[%clk 0:14:20]} 69. Kb1 {[%clk 0:02:29]} Kb3
{[%clk 0:14:16]} 70. Bb2 {[%clk 0:02:50]} a3 {[%clk 0:14:28]} 0-1

[Event "imp"]
[Site "?"]
[Date "2015.03.26"]
[Round "3.6"]
[White "Sadzikowski, Daniel"]
[Black "Mista, Aleksander"]
[Result "1/2-1/2"]
[LiveChessVersion "1.4.4"]
[BlackElo "2597"]
[WhiteElo "2500"]

1. e4 {[%clk 1:30:56]} c5 {[%clk 1:30:15]} 2. Nf3 {[%clk 1:31:12]} e6
{[%clk 1:29:31]} 3. d4 {[%clk 1:31:15]} cxd4 {[%clk 1:29:54]} 4. Nxd4
{[%clk 1:31:41]} Nf6 {[%clk 1:29:36]} 5. Nc3 {[%clk 1:32:01]} d6 {[%clk 1:30:00]}
6. g4 {[%clk 1:32:26]} h6 {[%clk 1:30:18]} 7. h4 {[%clk 1:31:57]} a6
{[%clk 1:29:50]} 8. Bg2 {[%clk 1:12:56]} Nc6 {[%clk 1:26:14]} 9. g5
{[%clk 1:01:51]} hxg5 {[%clk 1:26:36]} 10. hxg5 {[%clk 1:00:43]} Rxh1+
{[%clk 1:27:02]} 11. Bxh1 {[%clk 1:01:10]} Nd7 {[%clk 1:27:09]} 12. Be3
{[%clk 0:59:59]} Nde5 13. b3 {[%clk 0:41:35]} Bd7 {[%clk 0:57:58]} 14. f4
{[%clk 0:39:57]} Nxd4 {[%clk 0:58:00]} 15. Qxd4 {[%clk 0:39:30]} Nc6
{[%clk 0:44:37]} 16. Qd2 {[%clk 0:39:37]} b5 {[%clk 0:38:48]} 17. a4
{[%clk 0:34:47]} b4 {[%clk 0:39:13]} 18. Ne2 {[%clk 0:35:06]} Qc7
{[%clk 0:34:56]} 19. Rd1 {[%clk 0:32:25]} Rc8 {[%clk 0:34:48]} 20. Qd3
{[%clk 0:32:29]} Nb8 {[%clk 0:32:26]} 21. Rd2 {[%clk 0:32:54]} e5
{[%clk 0:31:57]} 22. g6 {[%clk 0:27:26]} fxg6 {[%clk 0:30:17]} 23. Bf2
{[%clk 0:25:09]} Be6 {[%clk 0:29:29]} 24. Bg2 {[%clk 0:25:08]} Be7
{[%clk 0:25:31]} 25. Bh3 {[%clk 0:24:17]} Bxh3 {[%clk 0:24:58]} 26. Qxh3
{[%clk 0:22:34]} Nd7 {[%clk 0:24:00]} 27. Qe6 {[%clk 0:11:25]} Nf8
{[%clk 0:24:16]} 28. Qd5 {[%clk 0:10:38]} Bf6 {[%clk 0:21:45]} 29. Bg3
{[%clk 0:07:36]} Ke7 {[%clk 0:19:50]} 30. fxe5 {[%clk 0:07:33]} dxe5
{[%clk 0:19:40]} 31. Nd4 {[%clk 0:07:33]} Qc5 {[%clk 0:19:04]} 32. Ne2
{[%clk 0:02:36]} Qxd5 {[%clk 0:19:12]} 33. Rxd5 {[%clk 0:02:55]} Nd7
{[%clk 0:19:34]} 34. Kd1 {[%clk 0:02:53]} Ke6 {[%clk 0:18:28]} 35. Bf2
{[%clk 0:02:04]} Be7 {[%clk 0:18:26]} 36. Ra5 {[%clk 0:01:47]} Rc6
{[%clk 0:18:47]} 37. Nc1 {[%clk 0:02:16]} Rd6+ {[%clk 0:09:55]} 38. Nd3
{[%clk 0:02:43]} Bd8 {[%clk 0:10:14]} 39. Rd5 {[%clk 0:02:59]} Rxd5
{[%clk 0:06:00]} 40. exd5+ {[%clk 0:33:27]} Kxd5 {[%clk 0:36:26]} 41. Nxb4+
{[%clk 0:33:49]} Ke4 {[%clk 0:36:48]} 42. Ke2 {[%clk 0:31:55]} Nb8
{[%clk 0:27:20]} 43. Nd3 {[%clk 0:29:01]} a5 {[%clk 0:25:08]} 44. Nxe5
{[%clk 0:28:53]} g5 {[%clk 0:22:59]} 1/2-1/2

[Event "imp"]
[Site "?"]
[Date "2015.03.26"]
[Round "3.7"]
[White "Duda, Jan-Krzysztof"]
[Black "Grabarczyk, Miroslaw"]
[Result "1-0"]
[LiveChessVersion "1.4.4"]
[BlackElo "2433"]
[WhiteElo "2597"]

1. e4 {[%clk 1:30:54]} e5 {[%clk 1:30:45]} 2. Nf3 {[%clk 1:31:16]} Nf6
{[%clk 1:31:07]} 3. Nxe5 {[%clk 1:31:19]} d6 {[%clk 1:31:26]} 4. Nf3
{[%clk 1:31:41]} Nxe4 {[%clk 1:31:48]} 5. d4 {[%clk 1:31:57]} Be7
{[%clk 1:26:35]} 6. Bd3 {[%clk 1:28:53]} Nf6 {[%clk 1:26:31]} 7. O-O
{[%clk 1:28:11]} O-O {[%clk 1:25:42]} 8. h3 {[%clk 1:27:22]} Nc6 {[%clk 1:22:53]}
9. c3 {[%clk 1:25:04]} Re8 {[%clk 1:21:28]} 10. Bf4 {[%clk 1:20:41]} h6
{[%clk 1:17:57]} 11. Nbd2 {[%clk 1:14:54]} Bf8 {[%clk 1:12:06]} 12. Qc2
{[%clk 1:11:06]} Be6 {[%clk 0:59:26]} 13. Rfe1 {[%clk 1:04:30]} Qd7 14. a3
{[%clk 1:00:51]} Bd5 {[%clk 0:49:56]} 15. c4 {[%clk 0:58:47]} Bxf3
{[%clk 0:49:49]} 16. Nxf3 {[%clk 0:58:49]} Rxe1+ {[%clk 0:50:03]} 17. Rxe1
{[%clk 0:59:11]} Re8 {[%clk 0:50:24]} 18. Re3 {[%clk 0:54:12]} Rxe3
{[%clk 0:47:54]} 19. fxe3 {[%clk 0:54:30]} a6 {[%clk 0:32:42]} 20. Kf2
{[%clk 0:52:27]} Qe8 {[%clk 0:25:23]} 21. b4 {[%clk 0:48:22]} Qd7
{[%clk 0:24:22]} 22. Bh2 {[%clk 0:39:30]} Qd8 {[%clk 0:18:48]} 23. Nd2
{[%clk 0:37:40]} Be7 {[%clk 0:17:58]} 24. Be2 {[%clk 0:37:32]} Nh7
{[%clk 0:16:37]} 25. Ne4 {[%clk 0:30:43]} Bh4+ {[%clk 0:15:57]} 26. g3
{[%clk 0:30:10]} Be7 {[%clk 0:16:18]} 27. Nc3 {[%clk 0:29:49]} Nf6
{[%clk 0:16:18]} 28. Bf3 {[%clk 0:29:30]} Qd7 {[%clk 0:15:04]} 29. g4
{[%clk 0:22:30]} g6 {[%clk 0:14:03]} 30. Bg3 {[%clk 0:17:50]} Nd8
{[%clk 0:11:58]} 31. Nd5 {[%clk 0:16:37]} Nxd5 {[%clk 0:11:59]} 32. cxd5
{[%clk 0:13:52]} c6 {[%clk 0:11:36]} 33. dxc6 {[%clk 0:11:55]} Nxc6
{[%clk 0:10:46]} 34. Ke2 {[%clk 0:08:06]} Kg7 {[%clk 0:08:24]} 35. Be1
{[%clk 0:06:16]} Bf6 {[%clk 0:07:21]} 36. a4 {[%clk 0:04:49]} Qe7
{[%clk 0:05:26]} 37. Bxc6 {[%clk 0:03:57]} bxc6 {[%clk 0:05:19]} 38. Qxc6
{[%clk 0:04:19]} Bxd4 {[%clk 0:05:36]} 39. Bd2 {[%clk 0:03:09]} a5
{[%clk 0:03:11]} 40. Kd3 {[%clk 0:31:52]} Be5 {[%clk 0:31:46]} 41. bxa5
{[%clk 0:27:31]} d5 {[%clk 0:29:23]} 42. Qxd5 {[%clk 0:26:42]} Qf6
{[%clk 0:29:39]} 43. Qxe5 {[%clk 0:26:59]} 1-0

[Event "imp"]
[Site "?"]
[Date "2015.03.26"]
[Round "3.8"]
[White "Skawinski, Arkadiusz"]
[Black "Maksimenko, Andrei"]
[Result "0-1"]
[LiveChessVersion "1.4.4"]
[BlackElo "2495"]
[WhiteElo "2388"]

1. e4 {[%clk 1:30:58]} c5 {[%clk 1:30:46]} 2. c3 {[%clk 1:31:26]} Nf6
{[%clk 1:31:04]} 3. e5 {[%clk 1:31:53]} Nd5 {[%clk 1:31:29]} 4. d4
{[%clk 1:32:19]} cxd4 {[%clk 1:31:54]} 5. Nf3 {[%clk 1:32:47]} e6
{[%clk 1:32:04]} 6. cxd4 {[%clk 1:33:13]} d6 {[%clk 1:32:30]} 7. Bc4
{[%clk 1:33:39]} Nc6 {[%clk 1:32:48]} 8. Qe2 {[%clk 1:33:57]} Be7
{[%clk 1:31:42]} 9. O-O {[%clk 1:34:23]} O-O {[%clk 1:32:05]} 10. Qe4
{[%clk 1:34:51]} Bd7 {[%clk 1:32:02]} 11. Re1 {[%clk 1:35:11]} Rc8
{[%clk 1:26:21]} 12. a3 {[%clk 1:33:43]} Na5 {[%clk 1:24:54]} 13. Ba2
{[%clk 1:34:09]} Ba4 {[%clk 1:24:45]} 14. Qg4 {[%clk 1:34:15]} Bc2
{[%clk 1:22:01]} 15. Bxd5 {[%clk 1:34:42]} Bf5 {[%clk 1:21:21]} 16. Qf4
{[%clk 1:23:22]} dxe5 {[%clk 1:21:41]} 17. Rxe5 {[%clk 0:59:03]} exd5
{[%clk 1:20:14]} 18. Rxf5 {[%clk 0:45:46]} Bd6 19. Ne5 {[%clk 0:39:05]} Nb3
{[%clk 1:14:55]} 20. Nc3 {[%clk 0:38:42]} Nxa1 {[%clk 1:11:03]} 21. Rxf7
{[%clk 0:33:56]} Bxe5 {[%clk 0:42:11]} 22. Rxf8+ {[%clk 0:34:20]} Qxf8
{[%clk 0:42:38]} 23. Qxe5 {[%clk 0:34:39]} Qf7 {[%clk 0:33:16]} 24. Be3
{[%clk 0:31:22]} Nc2 {[%clk 0:32:25]} 25. Nxd5 {[%clk 0:28:56]} Re8
{[%clk 0:32:16]} 26. Qd6 {[%clk 0:28:31]} Qe6 {[%clk 0:15:09]} 27. Qc7
{[%clk 0:15:00]} Nxd4 {[%clk 0:10:04]} 28. Qxb7 {[%clk 0:07:37]} Qe4
{[%clk 0:08:46]} 29. h3 {[%clk 0:06:18]} Ne2+ {[%clk 0:06:48]} 30. Kh2
{[%clk 0:05:42]} Qe5+ {[%clk 0:05:11]} 31. g3 {[%clk 0:03:08]} Nxg3
{[%clk 0:03:07]} 32. f4 {[%clk 0:01:32]} Nf1+ {[%clk 0:02:47]} 33. Kg1
{[%clk 0:01:48]} Qe4 {[%clk 0:00:41]} 34. Kxf1 {[%clk 0:02:11]} Qf3+
{[%clk 0:01:07]} 35. Kg1 {[%clk 0:02:35]} Qg3+ {[%clk 0:01:32]} 36. Kf1
{[%clk 0:02:59]} Qf3+ {[%clk 0:01:57]} 37. Kg1 {[%clk 0:03:25]} Qg3+
{[%clk 0:02:16]} 38. Kf1 {[%clk 0:03:47]} Rd8 {[%clk 0:00:40]} 39. Bf2
{[%clk 0:00:39]} Qxh3+ {[%clk 0:00:37]} 40. Kg1 {[%clk 0:30:35]} Qg4+
{[%clk 0:30:42]} 41. Kh2 {[%clk 0:29:40]} Qh5+ {[%clk 0:23:12]} 42. Kg3
{[%clk 0:29:57]} Qxd5 {[%clk 0:22:26]} 43. Qxd5+ {[%clk 0:28:53]} Rxd5
{[%clk 0:22:50]} 44. Bxa7 {[%clk 0:29:21]} Rd2 {[%clk 0:23:02]} 45. a4
{[%clk 0:27:28]} Rxb2 {[%clk 0:23:08]} 46. a5 {[%clk 0:27:55]} Ra2
{[%clk 0:22:41]} 47. Bb6 {[%clk 0:28:23]} Kf7 {[%clk 0:23:04]} 48. Kg4
{[%clk 0:27:47]} Ra4 {[%clk 0:21:37]} 49. Kf5 {[%clk 0:25:22]} g6+
{[%clk 0:19:58]} 50. Kg4 {[%clk 0:14:05]} h6 {[%clk 0:20:11]} 51. Bc7
{[%clk 0:14:22]} Ke6 {[%clk 0:20:38]} 52. Bd8 {[%clk 0:14:07]} Kd5
{[%clk 0:20:24]} 53. Bb6 {[%clk 0:13:49]} Ke4 {[%clk 0:20:38]} 54. Bc7
{[%clk 0:14:16]} Ra3 {[%clk 0:20:29]} 55. Bb6 {[%clk 0:12:34]} Ra1
{[%clk 0:17:53]} 56. Kg3 {[%clk 0:12:04]} Kf5 {[%clk 0:18:05]} 57. Bc7
{[%clk 0:12:25]} Ra3+ {[%clk 0:18:14]} 0-1

[Event "imp"]
[Site "?"]
[Date "2015.03.26"]
[Round "3.9"]
[White "Matuszewski, Michal"]
[Black "Krysztofiak, Marcin"]
[Result "1/2-1/2"]
[LiveChessVersion "1.4.4"]
[BlackElo "2410"]
[WhiteElo "2463"]

1. d4 {[%clk 1:30:55]} Nf6 {[%clk 1:30:54]} 2. c4 {[%clk 1:31:16]} e6
{[%clk 1:31:18]} 3. g3 {[%clk 1:31:36]} d5 {[%clk 1:31:05]} 4. Bg2
{[%clk 1:31:45]} dxc4 {[%clk 1:29:57]} 5. Nf3 {[%clk 1:31:25]} c5
{[%clk 1:28:54]} 6. O-O {[%clk 1:27:15]} Nc6 {[%clk 1:29:13]} 7. Qa4
{[%clk 1:25:38]} Bd7 {[%clk 1:28:11]} 8. Qxc4 {[%clk 1:22:50]} b5
{[%clk 1:27:21]} 9. Qd3 {[%clk 1:16:54]} c4 {[%clk 1:27:29]} 10. Qd1
{[%clk 1:14:06]} Rc8 {[%clk 1:27:16]} 11. Bg5 {[%clk 1:10:14]} Be7
{[%clk 1:24:52]} 12. Nc3 {[%clk 1:02:36]} b4 {[%clk 1:22:53]} 13. Na4
{[%clk 0:56:54]} Qa5 {[%clk 1:13:58]} 14. a3 {[%clk 0:41:22]} bxa3
{[%clk 0:57:26]} 15. Bxf6 {[%clk 0:41:15]} gxf6 {[%clk 0:57:24]} 16. Nc5
{[%clk 0:41:22]} Bxc5 {[%clk 0:57:27]} 17. dxc5 {[%clk 0:41:42]} Qxc5
{[%clk 0:51:16]} 18. Rxa3 {[%clk 0:41:54]} Rc7 {[%clk 0:46:46]} 19. Qc1
{[%clk 0:30:07]} Ne5 {[%clk 0:41:48]} 20. Qh6 {[%clk 0:22:19]} Nxf3+
{[%clk 0:39:40]} 21. Rxf3 {[%clk 0:21:40]} Qg5 {[%clk 0:39:26]} 22. Rxf6
{[%clk 0:21:47]} Qxh6 {[%clk 0:39:44]} 23. Rxh6 {[%clk 0:22:14]} O-O
{[%clk 0:32:42]} 24. Rd1 {[%clk 0:21:03]} Rb8 {[%clk 0:31:05]} 25. Rd2
{[%clk 0:21:15]} Bc6 {[%clk 0:26:12]} 26. Bxc6 {[%clk 0:20:20]} Rxc6
{[%clk 0:26:37]} 27. Rh4 {[%clk 0:20:35]} Rcb6 {[%clk 0:19:44]} 28. Rg4+
{[%clk 0:18:31]} Kf8 {[%clk 0:19:28]} 29. Rxc4 {[%clk 0:18:07]} Rxb2
{[%clk 0:19:44]} 30. Rd7 {[%clk 0:17:28]} R2b7 {[%clk 0:15:20]} 31. Rxb7
{[%clk 0:17:33]} Rxb7 {[%clk 0:15:45]} 32. Ra4 {[%clk 0:16:53]} Kg7
{[%clk 0:15:04]} 33. f4 {[%clk 0:16:34]} h6 {[%clk 0:14:03]} 34. Kf2
{[%clk 0:16:44]} Rc7 {[%clk 0:12:43]} 35. Kf3 {[%clk 0:16:16]} Rb7
{[%clk 0:11:23]} 36. Ra6 {[%clk 0:14:53]} Rc7 {[%clk 0:10:12]} 37. h3
{[%clk 0:15:16]} Rb7 {[%clk 0:10:28]} 38. Ra4 {[%clk 0:15:09]} Rc7
{[%clk 0:10:35]} 39. Kg4 {[%clk 0:15:11]} Rb7 {[%clk 0:09:26]} 40. e4
{[%clk 0:45:05]} Rc7 {[%clk 0:37:59]} 41. Kh4 {[%clk 0:43:21]} Kg6
{[%clk 0:29:38]} 42. g4 {[%clk 0:36:16]} Rb7 {[%clk 0:20:38]} 43. f5+
{[%clk 0:34:17]} exf5 {[%clk 0:16:45]} 44. gxf5+ {[%clk 0:33:54]} Kg7
{[%clk 0:17:01]} 45. Kg4 {[%clk 0:34:17]} f6 {[%clk 0:16:50]} 46. h4
{[%clk 0:34:32]} Re7 {[%clk 0:16:23]} 47. Kf4 {[%clk 0:34:59]} Kf7
{[%clk 0:13:47]} 48. Ra6 {[%clk 0:32:42]} Kg7 {[%clk 0:13:13]} 49. e5
{[%clk 0:32:15]} fxe5+ {[%clk 0:07:42]} 50. Ke4 {[%clk 0:32:36]} Rb7
{[%clk 0:06:32]} 51. Kxe5 {[%clk 0:24:22]} Re7+ {[%clk 0:06:58]} 52. Kf4
{[%clk 0:22:54]} Rc7 {[%clk 0:05:28]} 53. h5 {[%clk 0:23:13]} Rb7
{[%clk 0:05:23]} 54. Rg6+ {[%clk 0:17:35]} Kh7 {[%clk 0:05:48]} 55. Rd6
{[%clk 0:16:26]} Kg7 {[%clk 0:05:55]} 56. Ra6 {[%clk 0:16:50]} Rc7
{[%clk 0:05:05]} 57. Rg6+ {[%clk 0:16:54]} Kh7 {[%clk 0:05:31]} 58. Ke5
{[%clk 0:16:43]} Rc5+ {[%clk 0:04:50]} 59. Kf6 {[%clk 0:16:28]} Rc6+
{[%clk 0:03:24]} 60. Ke7 {[%clk 0:16:39]} Rc7+ {[%clk 0:03:43]} 61. Kd6
{[%clk 0:16:46]} Rb7 {[%clk 0:03:53]} 62. Re6 {[%clk 0:16:02]} a5
{[%clk 0:02:50]} 63. f6 {[%clk 0:14:54]} Kg8 {[%clk 0:03:01]} 64. Re7
{[%clk 0:15:13]} Rb6+ {[%clk 0:03:22]} 65. Ke5 {[%clk 0:15:35]} Rb1
{[%clk 0:02:24]} 66. Ra7 {[%clk 0:03:02]} Re1+ {[%clk 0:02:39]} 67. Kf5
{[%clk 0:03:27]} Rf1+ {[%clk 0:01:47]} 68. Kg6 {[%clk 0:02:41]} Rg1+
{[%clk 0:02:14]} 69. Kxh6 {[%clk 0:02:59]} Rf1 {[%clk 0:02:36]} 70. Rg7+
{[%clk 0:02:42]} Kf8 {[%clk 0:02:56]} 71. Kg6 {[%clk 0:02:55]} Rg1+
{[%clk 0:03:11]} 72. Kh7 {[%clk 0:03:09]} Rf1 {[%clk 0:03:17]} 73. Rg6
{[%clk 0:02:19]} a4 {[%clk 0:03:09]} 74. h6 {[%clk 0:02:22]} a3 {[%clk 0:03:15]}
75. Rg8+ {[%clk 0:02:44]} Kf7 {[%clk 0:03:41]} 76. Rg7+ {[%clk 0:01:48]} Kxf6
{[%clk 0:02:53]} 77. Ra7 {[%clk 0:02:01]} Rg1 {[%clk 0:02:14]} 78. Rxa3
{[%clk 0:02:20]} Kf7 {[%clk 0:02:19]} 79. Rf3+ {[%clk 0:02:45]} Ke7
{[%clk 0:02:17]} 80. Kh8 {[%clk 0:02:49]} Rg2 {[%clk 0:02:24]} 81. h7
{[%clk 0:03:13]} Rg1 {[%clk 0:02:35]} 82. Ra3 {[%clk 0:03:34]} Kf7
{[%clk 0:02:42]} 83. Ra7+ {[%clk 0:03:47]} Kf8 {[%clk 0:02:47]} 84. Ra8+
{[%clk 0:04:14]} Kf7 {[%clk 0:03:14]} 85. Rg8 {[%clk 0:04:38]} Rc1
{[%clk 0:02:51]} 86. Rg7+ {[%clk 0:04:54]} Kf8 {[%clk 0:02:03]} 87. Rf7+
{[%clk 0:04:47]} Kxf7 {[%clk 0:02:22]} 1/2-1/2